| 000 | 01007pam a22003011i 4500 | ||
|---|---|---|---|
| 001 | 016315470 | ||
| 003 | OSt | ||
| 005 | 20141102143910.0 | ||
| 008 | 130324s2013 XXUa fr 001 0 eng d | ||
| 020 | _a9780073522692 | ||
| 020 | _a0073522694 | ||
| 040 |
_aStDuBDS _beng _cStDuBDS _dUk _dEG-ScBUE |
||
| 082 | 0 | 0 |
_a620.00420285536 _222 _bHOW |
| 100 | 1 |
_aHoward, William E. _q(William Edward), _d1957- _936400 |
|
| 245 | 1 | 0 |
_aIntroduction to solid modeling using SolidWorks 2013 / _cWilliam E. Howard, Joseph C. Musto. |
| 260 |
_aNew York, United States : _bMcGraw-Hill Education, _c2013. |
||
| 300 |
_axiii, 384 p. : _bill. ; _c26 cm. |
||
| 500 | _aIndex : p. 379-384. | ||
| 500 | _aIncludes appendixes. | ||
| 630 | 0 | 0 |
_aSolidWorks _936401 |
| 650 | 0 |
_aComputer graphics _93615 |
|
| 650 | 0 |
_aEngineering models _97689 |
|
| 650 | 0 |
_aComputer-aided design _93588 |
|
| 653 |
_bENGMEC _cNovember2014 |
||
| 655 |
_vreading book _934232 |
||
| 700 | 1 |
_aMusto, Joseph C. _936402 |
|
| 942 |
_2ddc _k620.00420285536 HOW |
||
| 999 |
_c18531 _d18503 |
||